[Event "4NCL Division 1b"]
[Site "Hinckley Island ENG"]
[Date "2014.01.11"]
[Round "3.151"]
[White "Howell, David WL"]
[Black "Fernandez, Daniel H"]
[Result "1-0"]
[WhiteElo "2640"]
[BlackElo "2369"]
[PlyCount "125"]
[EventDate "2014.01.11"]
[WhiteTeam "Wood Green HK 1"]
[BlackTeam "e2e4.org.uk 1"]

1. d4 a5 2. e4 e6 3. Nf3 d5 4. Nc3 Be7 5. Bd3 Nf6 6. exd5 exd5 7. h3 O-O 8. O-O
b6 9. Re1 Ba6 10. Bf4 c6 11. Bxb8 Bxd3 12. Ne5 Bb4 13. Qxd3 Qxb8 14. Nxc6 Qc7
15. Nxb4 axb4 16. Nb5 Qc4 17. Red1 Rfc8 18. c3 Qxd3 19. Rxd3 b3 20. Na3 bxa2
21. Rxa2 Re8 22. Kf1 Ne4 23. Ra1 f5 24. Rdd1 f4 25. Kg1 f3 26. Nc2 Rxa1 27.
Rxa1 Nxf2 28. Nb4 Re2 29. Rf1 Ne4 30. Rxf3 Nf6 31. Rf2 Re1+ 32. Kh2 Rb1 33. g4
h6 34. Kg2 Kh7 35. Re2 Kg8 36. Rf2 Kh7 37. Re2 Kg8 38. Nd3 Rd1 39. Nf2 Rb1 40.
h4 Kf7 41. g5 hxg5 42. hxg5 Nh5 43. Nd3 Kg6 44. Re5 Rd1 45. Nb4 Rd2+ 46. Kf3
Rxb2 47. Nxd5 Rc2 48. Ne7+ Kf7 49. g6+ Kf8 50. Nd5 Nf6 51. Rf5 Kg8 52. Nxf6+
gxf6 53. Rxf6 Rxc3+ 54. Ke4 b5 55. Rb6 Kg7 56. d5 Rc1 57. d6 Re1+ 58. Kf5 Rf1+
59. Ke6 Re1+ 60. Kf5 Rf1+ 61. Ke6 Re1+ 62. Kd7 Kxg6 63. Kc7 1-0

[Event "4NCL Division 1b"]
[Site "Hinckley Island ENG"]
[Date "2014.01.11"]
[Round "3.152"]
[White "Sowray, Peter J"]
[Black "Aagaard, Jacob"]
[Result "0-1"]
[WhiteElo "2354"]
[BlackElo "2513"]
[PlyCount "69"]
[EventDate "2014.01.11"]
[WhiteTeam "e2e4.org.uk 1"]
[BlackTeam "Wood Green HK 1"]

1. d4 Nf6 2. c4 e6 3. Bg5 h6 4. Bh4 b6 5. Nc3 Bb7 6. f3 Be7 7. Bg3 d5 8. cxd5
exd5 9. e3 O-O 10. Bd3 c5 11. Nge2 Bd6 12. Bf2 Re8 13. O-O Na6 14. g4 Nc7 15.
Kg2 c4 16. Bc2 b5 17. Ng3 Bc8 18. Qd2 a5 19. Rad1 a4 20. h4 Nxg4 21. fxg4 Bxg4
22. Nge2 b4 23. Nxa4 Qd7 24. Bg3 Bxg3 25. Kxg3 Bh5 26. Rf5 Bg6 27. Nc5 Qd6+ 28.
Kh3 Bxf5+ 29. Bxf5 Rxa2 30. Nf4 Rxb2 31. Qxb2 Rxe3+ 32. Kg4 Ne8 33. Nd7 g6 34.
Rg1 Ng7 35. h5 0-1

[Event "4NCL Division 1b"]
[Site "Hinckley Island ENG"]
[Date "2014.01.11"]
[Round "3.154"]
[White "Crouch, Colin S"]
[Black "Pert, Nicholas"]
[Result "0-1"]
[WhiteElo "2334"]
[BlackElo "2554"]
[PlyCount "98"]
[EventDate "2014.01.11"]
[WhiteTeam "e2e4.org.uk 1"]
[BlackTeam "Wood Green HK 1"]

1. d4 Nf6 2. g3 d5 3. Bg2 Bf5 4. c4 e6 5. Qb3 Nc6 6. cxd5 Bb4+ 7. Kf1 exd5 8.
Nc3 O-O 9. Bg5 Be7 10. Bxf6 Bxf6 11. Qxd5 Qxd5 12. Nxd5 Bxd4 13. e4 Bg6 14. Ne2
Bxb2 15. Rb1 Ba3 16. f4 f6 17. Nxc7 Rac8 18. Ne6 Rfe8 19. f5 Bf7 20. Rxb7 Rb8
21. Rb3 Rxb3 22. axb3 Bxe6 23. fxe6 Rxe6 24. e5 Ne7 25. exf6 Rxf6+ 26. Ke1 Rb6
27. Bh3 g5 28. Nd4 Bc5 29. Nc2 Kg7 30. b4 a5 31. Kd2 axb4 32. Rb1 Rh6 33. Bf1
Rxh2+ 34. Kd3 Rf2 35. Na1 Rf3+ 36. Kc4 Bd6 37. Nb3 Rxg3 38. Nd4 Rc3+ 39. Kb5
Rc5+ 40. Ka6 Re5 41. Bc4 Re4 42. Rd1 Be5 43. Ne6+ Kf6 44. Bb3 Re3 45. Nc5 g4
46. Kb5 Bc3 47. Rf1+ Nf5 48. Bc2 Rf3 49. Rh1 Nd4+ 0-1

[Event "4NCL Division 1b"]
[Site "Hinckley Island ENG"]
[Date "2014.01.11"]
[Round "3.155"]
[White "Emms, John M"]
[Black "Ross, Chris N"]
[Result "1-0"]
[WhiteElo "2447"]
[BlackElo "2227"]
[PlyCount "53"]
[EventDate "2014.01.11"]
[WhiteTeam "Wood Green HK 1"]
[BlackTeam "e2e4.org.uk 1"]

1. e4 c5 2. Nf3 e6 3. c3 d5 4. exd5 Qxd5 5. d4 Nf6 6. Bd3 cxd4 7. cxd4 Nc6 8.
Nc3 Qd6 9. O-O Be7 10. a3 O-O 11. Be3 b6 12. Qe2 Bb7 13. Rad1 Rad8 14. Rfe1
Rfe8 15. Bb1 Qb8 16. Qc2 g6 17. Ba2 Ng4 18. h3 Nxe3 19. Rxe3 Bf8 20. d5 exd5
21. Rxe8 Rxe8 22. Nxd5 Bg7 23. Ng5 Nd8 24. Nc7 Re7 25. Qd2 Qxc7 26. Qxd8+ Bf8
27. Nxf7 1-0

[Event "4NCL Division 1b"]
[Site "Hinckley Island ENG"]
[Date "2014.01.11"]
[Round "3.156"]
[White "Eden, Tomer"]
[Black "Shaw, John K"]
[Result "0-1"]
[WhiteElo "2212"]
[BlackElo "2427"]
[PlyCount "98"]
[EventDate "2014.01.11"]
[WhiteTeam "e2e4.org.uk 1"]
[BlackTeam "Wood Green HK 1"]

1. d4 d5 2. Nf3 Nf6 3. c4 c6 4. Qc2 dxc4 5. e4 b5 6. b3 cxb3 7. axb3 e6 8. Bd2
a5 9. Bd3 Bb7 10. O-O Be7 11. Rc1 h6 12. Nc3 Na6 13. e5 Nb4 14. exf6 Nxc2 15.
fxe7 Qxe7 16. Rxc2 O-O 17. Ne4 c5 18. dxc5 Rfd8 19. Nd6 Bxf3 20. gxf3 Qf6 21.
Rac1 Qxf3 22. Be4 Qg4+ 23. Kh1 Ra7 24. f3 Qh3 25. Nxb5 Rad7 26. Nd6 f5 27. Bc6
Rxd6 28. cxd6 Rxd6 29. Bxa5 Rxc6 30. Rxc6 Qxf3+ 31. Kg1 Qe3+ 32. Kf1 Qxb3 33.
Bc7 Qf3+ 34. Kg1 Qe3+ 35. Kh1 e5 36. Bb6 Qf3+ 37. Kg1 Qg4+ 38. Kh1 f4 39. R6c2
Qe6 40. Bf2 e4 41. Be3 fxe3 42. Re1 Kf7 43. Rce2 Kf6 44. Rxe3 Kf5 45. Kg2 Kf4
46. R1e2 Qd5 47. h3 Qg5+ 48. Kf1 Qg6 49. Kf2 Qb6 0-1

[Event "4NCL Division 1b"]
[Site "Hinckley Island ENG"]
[Date "2014.01.11"]
[Round "3.157"]
[White "McDonald, Neil R"]
[Black "Jaunooby, Ali Reza"]
[Result "1-0"]
[WhiteElo "2437"]
[BlackElo "2142"]
[PlyCount "77"]
[EventDate "2014.01.11"]
[WhiteTeam "Wood Green HK 1"]
[BlackTeam "e2e4.org.uk 1"]

1. e4 g6 2. d4 c5 3. d5 Bg7 4. Nf3 d6 5. h3 Qa5+ 6. c3 b5 7. Bd3 b4 8. O-O Ba6
9. c4 Nd7 10. Qe2 Rb8 11. Bf4 Qc7 12. Re1 Ne5 13. Nxe5 dxe5 14. Be3 Nf6 15. a3
b3 16. Nd2 Nh5 17. Qd1 Nf4 18. Nxb3 Nxd3 19. Qxd3 Bc8 20. Nxc5 Rxb2 21. Rab1
Rxb1 22. Rxb1 O-O 23. Qb3 f5 24. f3 Bh6 25. Bxh6 Qxc5+ 26. Kh1 Rf6 27. Be3 Qc7
28. c5 Kg7 29. Qb8 Qxb8 30. Rxb8 Rf8 31. Bg5 Kf7 32. Ra8 fxe4 33. fxe4 a6 34.
c6 Re8 35. Kg1 Kg7 36. Bxe7 Kf7 37. d6 Be6 38. Rxe8 Kxe8 39. Bf6 1-0

[Event "4NCL Division 1b"]
[Site "Hinckley Island ENG"]
[Date "2014.01.11"]
[Round "3.158"]
[White "Norinkeviciute, Rasa"]
[Black "Arakhamia-Grant, Ketevan E"]
[Result "0-1"]
[WhiteElo "2007"]
[BlackElo "2388"]
[PlyCount "72"]
[EventDate "2014.01.11"]
[WhiteTeam "e2e4.org.uk 1"]
[BlackTeam "Wood Green HK 1"]

1. c4 g6 2. g3 Bg7 3. Bg2 e5 4. Nc3 d6 5. d3 Ne7 6. e4 O-O 7. Nge2 Nd7 8. O-O
c6 9. Be3 Nf6 10. d4 Ng4 11. Bc1 exd4 12. Nxd4 Qa5 13. Nde2 Be6 14. Qxd6 Rfe8
15. b4 Qb6 16. Rb1 Bxc4 17. Bf3 Ne5 18. Bg2 Rad8 19. Qc5 Qa6 20. Bg5 f6 21. b5
cxb5 22. Bf4 N7c6 23. Bxe5 Rxe5 24. Qe3 b4 25. f4 Ree8 26. Rfe1 bxc3 27. Nxc3
b5 28. a3 Rd3 29. Qc1 Nd4 30. Nd5 Bxd5 31. exd5 Ne2+ 32. Rxe2 Rxe2 33. Qc7 Rdd2
34. Bf3 Re3 35. Bg2 Qb6 36. Qc8+ Re8+ 0-1

[Event "4NCL Division 1b"]
[Site "Hinckley Island ENG"]
[Date "2014.01.11"]
[Round "3.161"]
[White "Gordon, Stephen J"]
[Black "Wells, Peter K"]
[Result "1/2-1/2"]
[WhiteElo "2516"]
[BlackElo "2463"]
[PlyCount "45"]
[EventDate "2014.01.11"]
[WhiteTeam "3Cs 1"]
[BlackTeam "White Rose 1"]

1. d4 Nf6 2. c4 e6 3. Nf3 b6 4. g3 Bb7 5. Bg2 Be7 6. O-O O-O 7. Nc3 Ne4 8. Bd2
f5 9. Ne5 Nxc3 10. Bxc3 Bxg2 11. Kxg2 Qe8 12. e3 d6 13. Qf3 c6 14. Nd3 d5 15.
Rfc1 Nd7 16. Bb4 e5 17. Bxe7 e4 18. Qf4 Qxe7 19. Ne5 Rad8 20. Nxd7 g5 21. Qe5
Qxd7 22. cxd5 Qxd5 23. Qxd5+ 1/2-1/2

[Event "4NCL Division 1b"]
[Site "Hinckley Island ENG"]
[Date "2014.01.11"]
[Round "3.162"]
[White "Palliser, Richard JD"]
[Black "Ashton, Adam G"]
[Result "1/2-1/2"]
[WhiteElo "2453"]
[BlackElo "2384"]
[PlyCount "43"]
[EventDate "2014.01.11"]
[WhiteTeam "White Rose 1"]
[BlackTeam "3Cs 1"]

1. d4 d5 2. c4 e6 3. Nf3 Nf6 4. Nc3 Be7 5. Bg5 O-O 6. e3 h6 7. Bh4 Ne4 8. Bxe7
Qxe7 9. Rc1 Nxc3 10. Rxc3 c6 11. Bd3 dxc4 12. Bxc4 Nd7 13. O-O e5 14. Bb3 Re8
15. dxe5 Nxe5 16. Nxe5 Qxe5 17. f4 Qf6 18. f5 b6 19. Qd4 c5 20. Qxf6 gxf6 21.
Bd5 Rb8 22. e4 1/2-1/2

[Event "4NCL Division 1b"]
[Site "Hinckley Island ENG"]
[Date "2014.01.11"]
[Round "3.163"]
[White "Longson, Alexander"]
[Black "McNab, Colin A"]
[Result "1/2-1/2"]
[WhiteElo "2348"]
[BlackElo "2457"]
[PlyCount "109"]
[EventDate "2014.01.11"]
[WhiteTeam "3Cs 1"]
[BlackTeam "White Rose 1"]

1. e4 g6 2. d4 Bg7 3. Nc3 d6 4. Be3 Nf6 5. Qd2 O-O 6. Nf3 a6 7. Bh6 c5 8. Bxg7
Kxg7 9. O-O-O cxd4 10. Nxd4 Nbd7 11. Be2 Nc5 12. Qe3 Qa5 13. Kb1 Ne6 14. f4
Nxd4 15. Qxd4 Be6 16. g4 Qc5 17. Qxc5 dxc5 18. f5 Bc8 19. g5 Ng8 20. fxg6 fxg6
21. Na4 Bh3 22. Nxc5 Rac8 23. Nd3 Bg2 24. Rhg1 Bxe4 25. Rd2 Rcd8 26. Kc1 Rd5
27. h4 h6 28. Rg4 Bf3 29. Bxf3 Rxf3 30. Kd1 hxg5 31. hxg5 Rf1+ 32. Ke2 Rff5 33.
Nf4 Rfe5+ 34. Kd1 Rxd2+ 35. Kxd2 e6 36. Nd3 Rf5 37. b4 b6 38. Re4 Kf7 39. Ne5+
Kg7 40. Nd3 Kf7 41. Ne5+ Kg7 42. Nc4 Rxg5 43. Rxe6 Rg2+ 44. Kd3 Rg3+ 45. Ne3
Nf6 46. Kd2 b5 47. Rxa6 Rh3 48. a4 bxa4 49. Rxa4 Ne4+ 50. Kd3 Nd6 51. Ra1 Kf6
52. Re1 Ke5 53. c4 Nf5 54. Kd2 Kd4 55. Nxf5+ 1/2-1/2

[Event "4NCL Division 1b"]
[Site "Hinckley Island ENG"]
[Date "2014.01.11"]
[Round "3.164"]
[White "Buckley, Simon T"]
[Black "Milliet, Sophie"]
[Result "1/2-1/2"]
[WhiteElo "2348"]
[BlackElo "2390"]
[PlyCount "74"]
[EventDate "2014.01.11"]
[WhiteTeam "White Rose 1"]
[BlackTeam "3Cs 1"]

1. c4 Nf6 2. g3 e5 3. Bg2 c6 4. d4 Bb4+ 5. Bd2 Bxd2+ 6. Qxd2 d6 7. Nc3 O-O 8.
e3 Be6 9. b3 exd4 10. Qxd4 d5 11. cxd5 Nxd5 12. Nxd5 Bxd5 13. e4 Be6 14. Ne2
Qa5+ 15. Qc3 Qa6 16. Qc2 Qa5+ 17. Qc3 Qxc3+ 18. Nxc3 Rd8 19. Ke2 Na6 20. Rhd1
Nb4 21. Rac1 a5 22. h3 a4 23. a3 Na6 24. Rxd8+ Rxd8 25. Nxa4 Bxb3 26. Nb6 Nc7
27. Ke3 Nb5 28. a4 Nd4 29. Rc3 Bd1 30. Rd3 Nc2+ 31. Kd2 Rxd3+ 32. Kxd3 Nb4+ 33.
Kd2 Bh5 34. Bf1 Bf3 35. Ke3 Bd1 36. Kd2 Bf3 37. Ke3 Bd1 1/2-1/2

[Event "4NCL Division 1b"]
[Site "Hinckley Island ENG"]
[Date "2014.01.11"]
[Round "3.165"]
[White "Horton, Andrew P"]
[Black "Croad, Nicolas"]
[Result "1-0"]
[WhiteElo "2095"]
[BlackElo "2272"]
[PlyCount "67"]
[EventDate "2014.01.11"]
[WhiteTeam "3Cs 1"]
[BlackTeam "White Rose 1"]

1. Nf3 Nf6 2. c4 e6 3. g3 d5 4. Bg2 Be7 5. O-O O-O 6. b3 a5 7. Nc3 c6 8. d4 b6
9. Nd2 Ba6 10. e4 dxc4 11. Nxc4 Ra7 12. Ne2 a4 13. Qc2 Bb5 14. Bb2 Nbd7 15.
Rfd1 Qb8 16. Ne3 Rc8 17. Nc3 a3 18. Bc1 Ba6 19. Qd2 Bb7 20. Qe1 Bf8 21. Bd2 Re8
22. Rac1 e5 23. d5 Nc5 24. Bf1 cxd5 25. Nexd5 Nfxe4 26. Nxb6 Nxc3 27. Rxc3 Ne4
28. Nd7 Qd6 29. Be3 Qg6 30. Nxf8 Rxf8 31. Bxa7 f5 32. Bg2 Ra8 33. Rc7 Ba6 34.
Rdd7 1-0

[Event "4NCL Division 1b"]
[Site "Hinckley Island ENG"]
[Date "2014.01.11"]
[Round "3.166"]
[White "Maroroa, Sue Y"]
[Black "Walton, Alan J"]
[Result "1/2-1/2"]
[WhiteElo "2113"]
[BlackElo "2083"]
[PlyCount "100"]
[EventDate "2014.01.11"]
[WhiteTeam "White Rose 1"]
[BlackTeam "3Cs 1"]

1. e4 e6 2. d4 d5 3. Nd2 Be7 4. Ngf3 Nf6 5. e5 Nfd7 6. Bd3 c5 7. c3 b6 8. Qe2
a5 9. h4 Ba6 10. c4 Nc6 11. a3 cxd4 12. cxd5 Bxd3 13. Qxd3 Ndxe5 14. Nxe5 Nxe5
15. Qxd4 Qxd5 16. Qxd5 exd5 17. O-O O-O 18. g3 Bf6 19. Rd1 Rfd8 20. Nf1 Rac8
21. Rb1 h6 22. Kg2 d4 23. b4 axb4 24. Rxb4 Rxc1 25. Rxc1 Nd3 26. Rd1 Nxb4 27.
axb4 Rd5 28. Nd2 Be7 29. Rb1 Rb5 30. Nc4 d3 31. Kf3 Rxb4 32. Rxb4 Bxb4 33. Nxb6
d2 34. Ke2 Bc5 35. Nc4 Bxf2 36. Nxd2 Bxg3 37. h5 g6 38. hxg6 fxg6 39. Kf3 Bc7
40. Kg4 Kg7 41. Ne4 h5+ 42. Kh4 Bd8+ 43. Kg3 Kf7 44. Kh3 Bc7 45. Kh4 Ke6 46.
Kg5 Ke5 47. Kxg6 h4 48. Kg5 h3 49. Nf2 Bd8+ 50. Kh5 h2 1/2-1/2

[Event "4NCL Division 1b"]
[Site "Hinckley Island ENG"]
[Date "2014.01.11"]
[Round "3.167"]
[White "Horton, Jamie A"]
[Black "Weller, Jean-Luc"]
[Result "1/2-1/2"]
[WhiteElo "2017"]
[BlackElo "2201"]
[PlyCount "103"]
[EventDate "2014.01.11"]
[WhiteTeam "3Cs 1"]
[BlackTeam "White Rose 1"]

1. e4 e6 2. d4 d5 3. Nc3 Nf6 4. Bg5 Bb4 5. exd5 Qxd5 6. Bxf6 Bxc3+ 7. bxc3 gxf6
8. Nf3 b6 9. c4 Qe4+ 10. Qe2 Bb7 11. Qxe4 Bxe4 12. O-O-O Bxf3 13. gxf3 Ke7 14.
f4 f5 15. Bg2 c6 16. Bf3 a6 17. Rhg1 Kf6 18. Kd2 Rc8 19. a4 a5 20. Rb1 Nd7 21.
c3 h6 22. h3 Rab8 23. Rgc1 Ke7 24. Kd3 Kd6 25. Rg1 Rg8 26. Bh5 Rxg1 27. Rxg1
Nf6 28. Bf3 Rg8 29. Rb1 Kc7 30. Ke3 Nd7 31. Kd3 f6 32. Ke3 Rg7 33. Bh1 e5 34.
Bf3 Rg8 35. Rd1 Re8 36. Kd2 Rg8 37. Ke3 Re8 38. Kd2 c5 39. dxe5 fxe5 40. Rg1
exf4 41. Rg7 Re6 42. Bd5 Rf6 43. Ke2 Kd6 44. Kf3 Ne5+ 45. Ke2 Ng6 46. Rb7 Ke5
47. Rh7 Nf8 48. Rb7 Rd6 49. Re7+ Ne6 50. Rxe6+ Rxe6 51. Bxe6 Kxe6 52. f3
1/2-1/2

[Event "4NCL Division 1b"]
[Site "Hinckley Island ENG"]
[Date "2014.01.11"]
[Round "3.168"]
[White "Townsend, M Paul"]
[Black "Burton, Graham P"]
[Result "1/2-1/2"]
[WhiteElo "2241"]
[BlackElo "2048"]
[PlyCount "88"]
[EventDate "2014.01.11"]
[WhiteTeam "White Rose 1"]
[BlackTeam "3Cs 1"]

1. d4 Nf6 2. c4 c5 3. d5 e6 4. Nc3 exd5 5. cxd5 d6 6. Nf3 g6 7. Bf4 Bg7 8. Qa4+
Bd7 9. Qb3 Qc7 10. e4 O-O 11. Nd2 Nh5 12. Be3 f5 13. exf5 Bxf5 14. Be2 Nf6 15.
h3 Na6 16. a3 Rab8 17. Nb5 Qe7 18. Nxa7 Ne4 19. Nc4 Nc7 20. O-O b5 21. Nc6 Qe8
22. Nxd6 Nxd6 23. Bxc5 Qd7 24. Nxb8 Rxb8 25. Rad1 Ne4 26. Be3 Qd6 27. Rfe1 Be5
28. Bf3 Nf6 29. Bg5 Re8 30. Kh1 Nd7 31. g4 Qc5 32. Be3 Bc2 33. Bxc5 Bxb3 34.
Rc1 Bxb2 35. Rxe8+ Nxe8 36. Re1 Nef6 37. Bb4 Bxd5 38. Kg2 Bxf3+ 39. Kxf3 Nd5
40. Ke4 N7b6 41. Bc5 Nf6+ 42. Kd3 Nc4 43. a4 Ne5+ 44. Kc2 bxa4 1/2-1/2

[Event "4NCL Division 1b"]
[Site "Hinckley Island ENG"]
[Date "2014.01.11"]
[Round "3.171"]
[White "Dearing, Edward J"]
[Black "Mangione, Claudio"]
[Result "1-0"]
[WhiteElo "2417"]
[BlackElo "2178"]
[PlyCount "59"]
[EventDate "2014.01.11"]
[WhiteTeam "Cambridge University 1"]
[BlackTeam "Grantham Sharks 2"]

1. d4 g6 2. c4 Bg7 3. Nf3 Nf6 4. g3 O-O 5. Bg2 d6 6. O-O Nbd7 7. Nc3 e5 8. e4
c6 9. b3 exd4 10. Nxd4 Re8 11. h3 Nc5 12. Re1 Qe7 13. Rb1 h5 14. Bg5 Qf8 15.
Qd2 Nh7 16. Bf4 Be5 17. Bh6 Qe7 18. Be3 Bd7 19. f4 Bg7 20. Bf2 a6 21. b4 Ne6
22. Nb3 h4 23. f5 Nef8 24. g4 Rad8 25. Na5 Bc8 26. b5 axb5 27. cxb5 Bxc3 28.
Qxc3 c5 29. Nc4 Bd7 30. Rbd1 1-0

[Event "4NCL Division 1b"]
[Site "Hinckley Island ENG"]
[Date "2014.01.11"]
[Round "3.172"]
[White "Purton, Ben J"]
[Black "Mah, Karl CC"]
[Result "0-1"]
[WhiteElo "2144"]
[BlackElo "2404"]
[PlyCount "54"]
[EventDate "2014.01.11"]
[WhiteTeam "Grantham Sharks 2"]
[BlackTeam "Cambridge University 1"]

1. e4 c5 2. Nf3 e6 3. Nc3 a6 4. a4 Nc6 5. Bc4 Qc7 6. Qe2 Nf6 7. d3 d6 8. h3 Be7
9. O-O O-O 10. Bf4 Nd7 11. Nd1 Rb8 12. c3 b5 13. axb5 axb5 14. Bb3 c4 15. Bc2
cxd3 16. Qxd3 Nc5 17. Qe3 e5 18. Bg5 b4 19. Bxe7 Nxe7 20. cxb4 Rxb4 21. Qc3 Qb6
22. Re1 Be6 23. Ng5 Bb3 24. Bxb3 Rxb3 25. Qd2 Rb4 26. Qc2 Rc8 27. Rc1 h6 0-1

[Event "4NCL Division 1b"]
[Site "Hinckley Island ENG"]
[Date "2014.01.11"]
[Round "3.173"]
[White "Camus de Solliers, Guillaume"]
[Black "Batchelor, Peter J"]
[Result "1-0"]
[WhiteElo "2351"]
[BlackElo "2143"]
[PlyCount "109"]
[EventDate "2014.01.11"]
[WhiteTeam "Cambridge University 1"]
[BlackTeam "Grantham Sharks 2"]

1. d4 d5 2. c4 e6 3. Nc3 Be7 4. Nf3 Nf6 5. Bf4 O-O 6. e3 c6 7. h3 Nbd7 8. Qc2
a6 9. Rd1 dxc4 10. Bxc4 Nd5 11. Bg3 b5 12. Nxd5 cxd5 13. Bd3 Bb4+ 14. Ke2 Nf6
15. Bh4 h6 16. Rc1 Bd7 17. Ne5 Rc8 18. Qb1 Qe7 19. g4 Bd6 20. g5 Bxe5 21. gxh6
Rxc1 22. Qxc1 Bd6 23. hxg7 Rc8 24. Qg1 e5 25. Qg5 e4 26. Bb1 Qe6 27. Qxf6 Qxf6
28. Bxf6 Re8 29. f3 Re6 30. fxe4 Rxf6 31. e5 Rh6 32. exd6 Kxg7 33. Kf3 Rxd6 34.
Kf4 Rf6+ 35. Kg3 Kh6 36. Rc1 Rb6 37. Rc7 Be6 38. Kf4 Kh5 39. Bf5 Kh4 40. Bxe6
Rxe6 41. Rxf7 Kxh3 42. Rd7 Rc6 43. Ke5 Rc2 44. Ra7 Rxb2 45. Rxa6 Re2 46. Kxd5
Rxe3 47. Kc5 Kg4 48. Kxb5 Kf5 49. a4 Rc3 50. Rc6 Rb3+ 51. Kc4 Ra3 52. Kb4 Rd3
53. Rd6 Ke4 54. a5 Rd1 55. a6 1-0

[Event "4NCL Division 1b"]
[Site "Hinckley Island ENG"]
[Date "2014.01.11"]
[Round "3.174"]
[White "Birtwistle, Nigel"]
[Black "Bisby, Daniel L"]
[Result "1/2-1/2"]
[WhiteElo "2144"]
[BlackElo "2327"]
[PlyCount "74"]
[EventDate "2014.01.11"]
[WhiteTeam "Grantham Sharks 2"]
[BlackTeam "Cambridge University 1"]

1. d4 Nf6 2. c4 g6 3. Nc3 Bg7 4. e4 d6 5. Nge2 O-O 6. Ng3 a6 7. Be2 c5 8. d5 b5
9. cxb5 axb5 10. Bxb5 Ba6 11. O-O Bxb5 12. Nxb5 Qb6 13. a4 Na6 14. Bd2 h5 15.
f3 Rfb8 16. Bc3 Nc7 17. Nxc7 Qxc7 18. Qd2 Nd7 19. Bxg7 Kxg7 20. Qg5 Kf8 21. f4
Ke8 22. Rae1 c4 23. Qh6 Qb6+ 24. Kh1 Qxb2 25. e5 Kd8 26. Qh7 Rxa4 27. Qxf7 Ra2
28. Re2 c3 29. Rxb2 cxb2 30. Qg8+ Kc7 31. Qxg6 Ra1 32. exd6+ exd6 33. Qc2+ Nc5
34. Qh7+ Kd8 35. Qh8+ Kc7 36. Qh7+ Kd8 37. Qh8+ Kc7 1/2-1/2

[Event "4NCL Division 1b"]
[Site "Hinckley Island ENG"]
[Date "2014.01.11"]
[Round "3.175"]
[White "Eckersley-Waites, Adam"]
[Black "Murphy, Hugh W"]
[Result "1/2-1/2"]
[WhiteElo "2285"]
[BlackElo "2155"]
[PlyCount "94"]
[EventDate "2014.01.11"]
[WhiteTeam "Cambridge University 1"]
[BlackTeam "Grantham Sharks 2"]

1. e4 c6 2. d4 d5 3. exd5 cxd5 4. c4 Nf6 5. Nc3 Nc6 6. Nf3 Bf5 7. Bg5 Ne4 8.
cxd5 Nxc3 9. bxc3 Qxd5 10. Be2 Be4 11. c4 Qf5 12. Be3 e6 13. O-O Be7 14. Ne1
Qa5 15. Qb3 Qb4 16. Bf3 Bxf3 17. Nxf3 O-O 18. Rfd1 Rfd8 19. Rab1 Qxb3 20. axb3
a6 21. d5 exd5 22. Bb6 Rd7 23. Rxd5 Rxd5 24. cxd5 Nb4 25. Rd1 Rc8 26. Kf1 Bd6
27. Ng5 Re8 28. Rd4 Nc2 29. Re4 Re5 30. f4 Re7 31. Rc4 Ne3+ 32. Bxe3 Rxe3 33.
Ne4 Bf8 34. Rd4 f5 35. Ng5 h6 36. Ne6 Bd6 37. Rc4 Rd3 38. Nd4 Bxf4 39. Nxf5
Bxh2 40. Ke2 Rxb3 41. d6 Rb2+ 42. Kd3 Bxd6 43. Nxd6 Rxg2 44. Nxb7 Rg3+ 45. Ke2
Ra3 46. Rc6 Kh7 47. Nc5 Rc3 1/2-1/2

[Event "4NCL Division 1b"]
[Site "Hinckley Island ENG"]
[Date "2014.01.11"]
[Round "3.176"]
[White "Burrows, Martin P"]
[Black "Chevannes, Sabrina L"]
[Result "1/2-1/2"]
[WhiteElo "2126"]
[BlackElo "2176"]
[PlyCount "75"]
[EventDate "2014.01.11"]
[WhiteTeam "Grantham Sharks 2"]
[BlackTeam "Cambridge University 1"]

1. e4 c6 2. d4 d5 3. e5 Bf5 4. Nf3 e6 5. Be2 c5 6. O-O Nc6 7. c3 cxd4 8. cxd4
Nge7 9. a3 Bg4 10. Nbd2 Nf5 11. b4 Be7 12. h3 Bxf3 13. Nxf3 O-O 14. Bb2 Rc8 15.
Qd2 a6 16. Rfe1 Qb6 17. Rab1 g6 18. Bc3 Na7 19. b5 axb5 20. g4 Nh4 21. Nxh4
Bxh4 22. Ba5 Qc6 23. Rec1 Qd7 24. Bb6 Rxc1+ 25. Rxc1 Nc6 26. Bc5 Be7 27. Bxb5
Bxc5 28. Rxc5 Qe7 29. Bxc6 bxc6 30. a4 Qb7 31. a5 Ra8 32. Kg2 Ra6 33. Qd3 Kg7
34. Qf3 Qb4 35. Qf6+ Kg8 36. Qd8+ Kg7 37. Qf6+ Kg8 38. Qd8+ 1/2-1/2

[Event "4NCL Division 1b"]
[Site "Hinckley Island ENG"]
[Date "2014.01.11"]
[Round "3.177"]
[White "McClement, Andrew"]
[Black "Cairns, Stephen"]
[Result "0-1"]
[WhiteElo "2183"]
[BlackElo "2023"]
[PlyCount "130"]
[EventDate "2014.01.11"]
[WhiteTeam "Cambridge University 1"]
[BlackTeam "Grantham Sharks 2"]

1. e4 c5 2. Nf3 Nc6 3. d4 cxd4 4. Nxd4 e5 5. Nb5 a6 6. Nd6+ Bxd6 7. Qxd6 Qf6 8.
Qxf6 Nxf6 9. Nc3 Nb4 10. Kd2 d6 11. a3 Nc6 12. Ke1 h6 13. Be3 b5 14. Bd3 Be6
15. f3 Ke7 16. Kf2 Rac8 17. Na2 Bxa2 18. Rxa2 Rc7 19. b3 d5 20. Bc5+ Ke6 21.
exd5+ Nxd5 22. c4 Nc3 23. Raa1 Nd4 24. Bb4 Nxb3 25. Bxc3 bxc4 26. Rab1 cxd3 27.
Rxb3 Rd8 28. Ke3 f5 29. Rd1 f4+ 30. Kd2 Rd6 31. Rdb1 Rcc6 32. Rb8 Kf6 33. R1b7
Rxc3 34. Kxc3 d2 35. Rb1 d1=Q 36. Rxd1 Rxd1 37. Rb6+ Kf5 38. Rxa6 Rg1 39. a4
Rxg2 40. Rc6 Rxh2 41. Kb3 Rh1 42. Rc2 Ra1 43. Rg2 g5 44. Rh2 e4 45. fxe4+ Kxe4
46. Rxh6 g4 47. Rg6 g3 48. Kc3 Ke3 49. Kc2 Rxa4 50. Re6+ Re4 51. Rg6 Rd4 52.
Re6+ Kf2 53. Kc3 Rd8 54. Rf6 f3 55. Ra6 g2 56. Ra2+ Kg3 57. Ra1 f2 58. Ra7 f1=Q
59. Rg7+ Kh4 60. Rh7+ Kg5 61. Rg7+ Kh6 62. Rxg2 Qxg2 63. Kc4 Qc2+ 64. Kb4 Rb8+
65. Ka3 Qb3# 0-1

[Event "4NCL Division 1b"]
[Site "Hinckley Island ENG"]
[Date "2014.01.11"]
[Round "3.178"]
[White "Summerscale, Claire E"]
[Black "Bukojemski, Adam"]
[Result "0-1"]
[WhiteElo "1955"]
[BlackElo "2227"]
[PlyCount "81"]
[EventDate "2014.01.11"]
[WhiteTeam "Grantham Sharks 2"]
[BlackTeam "Cambridge University 1"]

1. d4 d6 2. e4 Nf6 3. Nc3 g6 4. Nf3 Bg7 5. Be3 O-O 6. Bc4 c6 7. a3 b5 8. Bd3
Nbd7 9. O-O e5 10. d5 cxd5 11. Nxd5 Nxd5 12. exd5 a6 13. a4 Rb8 14. axb5 axb5
15. Qd2 Nf6 16. Be2 Bb7 17. c4 bxc4 18. Bxc4 e4 19. Nd4 Nxd5 20. Bxd5 Bxd5 21.
Rfc1 Qd7 22. b4 Ba8 23. Ra6 Be5 24. Nc6 Bxc6 25. Raxc6 Rb5 26. Bf4 Bxf4 27.
Qxf4 d5 28. Rc7 Qe6 29. R7c6 Qe7 30. Qd6 Re8 31. Qxe7 Rxe7 32. R6c5 Rxb4 33.
Rxd5 Rb2 34. Re1 f5 35. Kf1 Rc7 36. Red1 Rcc2 37. Rd8+ Kf7 38. R8d7+ Kf6 39.
R1d6+ Kg5 40. h4+ Kf4 41. g3+ 0-1

[Event "4NCL Division 1b"]
[Site "Hinckley Island ENG"]
[Date "2014.01.11"]
[Round "3.181"]
[White "Zhou, Yang-Fan"]
[Black "Turner, Matthew J"]
[Result "1-0"]
[WhiteElo "2468"]
[BlackElo "2509"]
[PlyCount "59"]
[EventDate "2014.01.11"]
[WhiteTeam "Guildford 2"]
[BlackTeam "Barbican 4NCL 1"]

1. e4 c5 2. Nf3 Nc6 3. Bb5 g6 4. Bxc6 bxc6 5. O-O Bg7 6. Re1 Nh6 7. c3 O-O 8.
d4 Qb6 9. h3 d6 10. Na3 cxd4 11. cxd4 f6 12. b3 Nf7 13. Nc4 Qa6 14. Bf4 d5 15.
exd5 cxd5 16. Nb2 g5 17. Bg3 g4 18. hxg4 Bxg4 19. Rxe7 Qa3 20. Qe2 Ng5 21. Nd3
Ne4 22. Rxe4 dxe4 23. Qxe4 Bxf3 24. Qxf3 Rad8 25. d5 Rfe8 26. d6 Qa5 27. Rc1
Qxa2 28. Qd5+ Kh8 29. d7 Rg8 30. Bc7 1-0

[Event "4NCL Division 1b"]
[Site "Hinckley Island ENG"]
[Date "2014.01.11"]
[Round "3.182"]
[White "Ferguson, Mark"]
[Black "Smerdon, David"]
[Result "1/2-1/2"]
[WhiteElo "2416"]
[BlackElo "2523"]
[PlyCount "96"]
[EventDate "2014.01.11"]
[WhiteTeam "Barbican 4NCL 1"]
[BlackTeam "Guildford 2"]

1. e4 d5 2. exd5 Qxd5 3. Nf3 Bg4 4. Be2 Nc6 5. d4 O-O-O 6. Be3 e5 7. Nc3 Qa5 8.
Nxe5 Bxe2 9. Qxe2 Nxe5 10. dxe5 Qxe5 11. O-O Nf6 12. Rad1 Bc5 13. Bxc5 Qxc5 14.
Qf3 Rhe8 15. h3 a6 16. a3 Qe5 17. g3 h5 18. Kg2 c6 19. h4 Kc7 20. Kg1 Rxd1 21.
Rxd1 Rd8 22. Rxd8 Kxd8 23. Kf1 Kc7 24. Qe2 Ng4 25. f3 Qf5 26. Kg2 Ne5 27. b3 f6
28. Ne4 Qd7 29. Qd2 Qxd2+ 30. Nxd2 c5 31. Kf2 Nc6 32. Ke3 Nd4 33. c3 Nc2+ 34.
Ke4 Nxa3 35. Kf5 Nb5 36. Kg6 Nxc3 37. Kxg7 f5 38. Kg6 Ne2 39. Kxh5 Nxg3+ 40.
Kg5 b5 41. Kf4 Ne2+ 42. Kxf5 Kd7 43. Ke5 a5 44. Kd5 a4 45. bxa4 bxa4 46. Nc4
Ke7 47. Kxc5 Ng1 48. f4 Ne2 1/2-1/2